000 01125naa a22002897a 4500
001 BR9400340
003 BR-BrBNA
005 20240918181103.0
007 ta
008 230509b bl.||||| |||| 00| 0 por d
040 _aBR-BrBNA
_bpor
_cBiblioteca Nacional de Agricultura
041 _a(Pt)
072 _aP10
090 _aP10 BR9400340
100 1 _aPaterniani, J.E.S.
111 1 _a22. Congresso Brasileiro de Engenharia Agricola
_cIlheus, BA (Brazil)
_d19-23 Jul 1993
245 1 _aRelacao entre a turbidez e a concentracao de microrganismos em efluentes de filtros de areia para tratamento de agua para uso agricola
260 3 _aIlheus, BA (Brasil):
_c1993.
500 _a22. Congresso Brasileiro de Engenharia Agricola. Anais Ilheus, BA (Brasil): 1993. v. 5 p. 2869-2884 (BR9400340-AM)P10
650 _aTratamento da Agua
650 _aFiltro
650 _aMicrorganismo
650 _aAnalise Qualitativa
773 0 _t22. Congresso Brasileiro de Engenharia Agricola. Anais
_wP10 BR9400340
_gIlheus, BA (Brasil), 1993. v. 5 p. 2869-2884
909 _a202404
_bLucia
_c55
_dLucia Elande
942 _cAM
_2AGRIS
999 _c323558
_d323558